40 Highest Points in the World within 1,800 Km - Statistics

General Stats
  • This quiz has been taken 48 times
  • The average score is 11 of 40
Answers on the Map
Answers color-coded by a green-red scale on the quiz's map according to % correct below.
 
Answer Stats
LAT LON H (m) D (km) MOUNTAIN % Correct
27.98333333 86.91666667 8848 Mount Everest
100%
63.06666667 -151 6194 7450 Denali
91%
-3.066666667 37.35 5895 5510 Kilimanjaro
89%
35.35 138.7166667 3776 2077 Mount Fuji
84%
45.83333333 6.85 4810 2812 Mont Blanc
80%
-32.65 -70 6962 16518 Aconcagua
78%
43.35 42.43333333 5642 2473 Mount Elbrus
73%
-43.58333333 170.1333333 3754 3140 Aoraki/Mount Cook
53%
19.81666667 -155.4666667 4205 3947 Mauna Kea
51%
36.566666667 -118.2833333 4421 2649 Mount Whitney
49%
-36.45 148.25 2228 1895 Mount Kosciuszko
33%
-4.066666667 137.15 4884 5262 Puncak Jaya
33%
4.216666667 9.166666667 4040 2338 Mont Cameroun
31%
35.75 -82.25 2037 1913 Mount Mitchell
31%
19.01666667 -97.26666667 5636 2690 Pico de Orizaba
29%
-78.51666667 -85.61666667 4892 4911 Vinson Massif
29%
6.083333333 116.55 4095 2538 Gunung Kinabalu
22%
-9.116666667 -77.6 6746 2196 Nevado Huascarán
22%
31.05 -7.9 4167 2078 Jebel Toubkal
20%
56.05 160.6333333 4750 2748 Klyuchevskaya Sopka
16%
19.78333333 18.55 3445 2001 Emi Koussi
13%
23.46666667 120.95 3952 1815 Yushan
13%
68.91666667 -29.88333333 3694 3254 Gunnbjørn Fjeld
11%
-29.46666667 29.26666667 3482 3003 Thabana Ntlenyana
11%
-21.08333333 55.46666667 3071 2767 Piton des Neiges
9%
65.03333333 60.11666667 1895 1836 Gora Narodnaya
7%
-27.08333333 -109.3666667 506 2836 Maunga Terevaka
7%
-17.61666667 -149.4666667 2241 4128 Mont Orohena
7%
-7.95 -14.35 859 1842 Green Mountain
4%
-46.9 37.76666667 1230 1848 Mascarin Peak
4%
-13.61666667 -172.4833333 1858 2245 Mauga Silisili
4%
-54.43333333 -36.55 2915 2269 Mount Paget
4%
-54 3.353121 780 1856 Olavtoppen
4%
-20.43333333 -41.78333333 2897 2393 Pico da Bandeira
4%
-37.1 -12.28333333 2060 2665 Queen Mary's Peak
4%
18.76666667 139.6666667 965 1902 Agrihan High Point
2%
10.16666667 77.05 2695 2115 Anai Mudi
2%
-1.683333333 101.25 3805 1905 Gunung Kerinci
2%
-0.370917 -159.997036 7 1852 Jarvis High Point
2%
-53.1 73.51666667 2745 1922 Mawson Peak
2%
No matching quizzes found
Score Distribution
Percent of People with Each Score
Percentile by Number Answered
Your Score History
You have not taken this quiz